<?xml version="1.0" encoding="UTF-8"?>
<record
    xmlns:xsi="http://www.w3.org/2001/XMLSchema-instance"
    xsi:schemaLocation="http://www.loc.gov/MARC21/slim http://www.loc.gov/standards/marcxml/schema/MARC21slim.xsd"
    xmlns="http://www.loc.gov/MARC21/slim">

  <leader>00950nam a2200193   4500</leader>
  <controlfield tag="005">20260212110110.0</controlfield>
  <controlfield tag="008">260204b        |||||||| |||| 00| 0 eng d</controlfield>
  <datafield tag="020" ind1=" " ind2=" ">
    <subfield code="a">9788182475144       </subfield>
  </datafield>
  <datafield tag="041" ind1=" " ind2=" ">
    <subfield code="a">English</subfield>
  </datafield>
  <datafield tag="082" ind1=" " ind2=" ">
    <subfield code="a">746</subfield>
    <subfield code="b">NIS</subfield>
  </datafield>
  <datafield tag="100" ind1=" " ind2=" ">
    <subfield code="a">Nisbet Harry</subfield>
    <subfield code="9">216598</subfield>
  </datafield>
  <datafield tag="245" ind1=" " ind2=" ">
    <subfield code="a">Grammar of Textile Design</subfield>
  </datafield>
  <datafield tag="260" ind1=" " ind2=" ">
    <subfield code="a">New Delhi</subfield>
    <subfield code="b">Abhishek Publications</subfield>
    <subfield code="c">2024</subfield>
  </datafield>
  <datafield tag="300" ind1=" " ind2=" ">
    <subfield code="a">375</subfield>
  </datafield>
  <datafield tag="365" ind1=" " ind2=" ">
    <subfield code="b">1336.65</subfield>
    <subfield code="c">Rs.00</subfield>
  </datafield>
  <datafield tag="520" ind1=" " ind2=" ">
    <subfield code="a">1.	Introduction
2.	Plain weave and its modification
3.	Twill and kindered weaves
4.	Diamonds and kindered weaves
5.	Bedford cords
6.	Backed fabrics
7.	Fustians
8.	Terry and loop pile fabrics
9.	Gauze and net lend fabrics
10.	Leno brocade fabrics
11.	Tissue, lappet and swivel figured fabrics
12.	Brocade fabric
13.	Damask fabric
14.	Alhambra and kindered fabric
15.	Piques or toilet welts
16.	Toilet quilting fabrics
17.	Patent satin
18.	Tapestry fabrics
</subfield>
  </datafield>
  <datafield tag="650" ind1=" " ind2=" ">
    <subfield code="a">Textile Design</subfield>
  </datafield>
  <datafield tag="942" ind1=" " ind2=" ">
    <subfield code="c">BK</subfield>
  </datafield>
  <datafield tag="999" ind1=" " ind2=" ">
    <subfield code="c">370312</subfield>
    <subfield code="d">370312</subfield>
  </datafield>
  <datafield tag="952" ind1=" " ind2=" ">
    <subfield code="0">0</subfield>
    <subfield code="1">0</subfield>
    <subfield code="2">ddc</subfield>
    <subfield code="4">0</subfield>
    <subfield code="7">0</subfield>
    <subfield code="a">SOFT</subfield>
    <subfield code="b">SOFT</subfield>
    <subfield code="d">2026-02-03</subfield>
    <subfield code="e">Design Book Studio</subfield>
    <subfield code="g">1336.65</subfield>
    <subfield code="i">284</subfield>
    <subfield code="l">0</subfield>
    <subfield code="o">746 NIS</subfield>
    <subfield code="p">SOFT-BK-4935</subfield>
    <subfield code="r">2026-02-04 14:19:06</subfield>
    <subfield code="t">33%</subfield>
    <subfield code="v">1995.00</subfield>
    <subfield code="w">2025-12-12</subfield>
    <subfield code="y">BK</subfield>
  </datafield>
</record>
